=LDR 00000nam 2200000 4500 =001 INLIS000000000023578 =005 20130612122229 =008 ***********************************Ind** =035 ##$$a0010-061300000023578 =041 ##$$a Ind =082 ##$$a 650 =090 ##$$a 650, Mad p =100 ##$$a Madura, Jeff =245 ##$$a Pengantar bisnis, Jeff Madura =260 ##$$a 2001 $b Jakarta =300 ##$$a 397 hlm, 24 cm =650 ##$$a Bisnis =850 ##$$a NBPNMAT =990 ##$$a 0001/BPAP-NTB/20142014 =990 ##$$a 0001/BPAP-NTB/20142014